000
00203nam a22000857a 4500
001
1235372
005
20250930130105.0
245
_a
ÇAT KAPIDAYIM
_c
FADİME USLU
260
_b
GÜNIŞIĞI KİTAPLIĞI YAYINLARI
999
_c
1235372
_d
1235372